Sistemas digitales : principios y aplicaciones.

Bibliographic Details
Main Author: Badui Dergal, Salvador
Format: Section = Libro
Language:Undetermined
Spanish
Published: México Pearson Educación 2006
Edition:4a.ed
Subjects:
LEADER 00749nam a2200253Ia 4500
008 240830s9999 xx 000 0 und d
020 |a 970-26-0670-5 
040 |a B-ESTELÍ- RUACS / 621.3815 T631 
041 |a spa 
082 |a 621.3815 T631 
100 1 |a Badui Dergal, Salvador 
245 1 0 |a Sistemas digitales : principios y aplicaciones. 
250 |a 4a.ed 
260 |a México  |b Pearson Educación  |c 2006 
300 |a 725 p. :il 
650 7 |a TECNOLOGIA DE ALIMENTOS 
650 7 |b  AGUA - INDUSTRIA ALIMENTOS 
650 7 |c  REACCIONES QUÍMICAS - MONOSACARIOS 
650 7 |d  ANÁLISIS FISICOS Y QUIMICOS - GRASAS 
650 7 |e  VITAMINAS DE LOS ALIMENTOS 
650 7 |f  FERMENTACION 
942 |c BK  |2 ddc 
991 |a TEXTO 
999 |c 11210